Globálna nerovnováha - prejavy a možnosti odstránenia negatívnych vplyvov na ekonomiku diplomová práca

Guardado en:
Detalles Bibliográficos
Autor principal: Černý, Peter
Autor Corporativo: Národohospodárska fakulta EU. Katedra bankovníctva a medzinárodných financií
Otros Autores: Kotlebová, Jana, 1969-
Formato: Libro
Lenguaje:eslovaco
Publicado: Bratislava 2010
Etiquetas: Agregar Etiqueta
Sin Etiquetas, Sea el primero en etiquetar este registro!

MARC

LEADER 00000nam a2200000 4500
001 0119351
005 20240318122205.4
041 0 |a slo 
044 |a SK 
245 1 0 |a Globálna nerovnováha - prejavy a možnosti odstránenia negatívnych vplyvov na ekonomiku  |b diplomová práca  |c Peter Černý ; škol. Jana Kotlebová 
264 1 |a Bratislava  |c 2010 
300 |a 70 s. 
100 1 |a Černý, Peter 
700 1 |a Kotlebová, Jana, 1969- 
710 2 |a Národohospodárska fakulta EU. Katedra bankovníctva a medzinárodných financií